RICS global distressed property monitor (Record no. 110974)
[ view plain ]
| 000 -LEADER | |
|---|---|
| fixed length control field | 01467cam a22002295a 4500 |
| 001 - CONTROL NUMBER | |
| control field | L149512 |
| 008 - FIXED-LENGTH DATA ELEMENTS--GENERAL INFORMATION | |
| fixed length control field | 100901s2010 xxk 000 0 eng d |
| 035 ## - SYSTEM CONTROL NUMBER | |
| System control number | (Sirsi) u150754 |
| 041 0# - LANGUAGE CODE | |
| Language code of text/sound track or separate title | eng |
| 050 04 - LIBRARY OF CONGRESS CALL NUMBER | |
| Classification number | 333.33 $2 18 |
| 110 2# - MAIN ENTRY--CORPORATE NAME | |
| Corporate name or jurisdiction name as entry element | Royal Institution of Chartered Surveyors |
| Subordinate unit | Economics |
| 9 (RLIN) | 5033 |
| 245 00 - TITLE STATEMENT | |
| Title | RICS global distressed property monitor |
| Remainder of title | Q2 2010 |
| Medium | [electronic resource] |
| 260 ## - PUBLICATION, DISTRIBUTION, ETC. | |
| Place of publication, distribution, etc. | London |
| Name of publisher, distributor, etc. | RICS |
| Date of publication, distribution, etc. | 2010 |
| 490 #0 - SERIES STATEMENT | |
| Series statement | RICS Global Distressed Property Monitor |
| Volume/sequential designation | Q2 2010 |
| 520 ## - SUMMARY, ETC. | |
| Summary, etc. | Growth in distressed property listings eased back across 85% of countries surveyed in the Q2 2010 "RICS Global Distressed Property Monitor" compared with the first quarter of 2010. Only 13 countries reported distressed properties coming to market down form 17 in the first quarter. Growth in distressed listings was greatest in the US and some European countries namely Portugal, Spain, Republic of Ireland and Germany, whereas the pace of decline was strongest in Brazil, Russia, India and Hong Kong. Portugal and Republic of Ireland are expected to lead the distressed property stakes in Q3 2010. |
| 590 ## - LOCAL NOTE (RLIN) | |
| Local note | KA |
| 651 #4 - SUBJECT ADDED ENTRY--GEOGRAPHIC NAME | |
| Geographic name | International |
| 690 ## - LOCAL SUBJECT ADDED ENTRY--TOPICAL TERM (OCLC, RLIN) | |
| Topical term or geographic name as entry element | PROPERTY-COMMERCIAL PROPERTY-COMMERCIAL PROPERTY FINANCE AND INVESTMENT |
| 690 ## - LOCAL SUBJECT ADDED ENTRY--TOPICAL TERM (OCLC, RLIN) | |
| Topical term or geographic name as entry element | PROPERTY-COMMERCIAL PROPERTY-COMMERCIAL PROPERTY MARKET |
| 856 40 - ELECTRONIC LOCATION AND ACCESS | |
| Uniform Resource Identifier | <a href="https://www.rics.org/site/download_feed.aspx?fileID=7119&fileExtension=PDF">https://www.rics.org/site/download_feed.aspx?fileID=7119&fileExtension=PDF</a> |
| Public note | View the document free of charge (pdf file) at www.rics.org |
| 942 ## - ADDED ENTRY ELEMENTS (KOHA) | |
| Suppress in OPAC | 0 |
| Withdrawn status | Lost status | Source of classification or shelving scheme | Damaged status | Not for loan | Home library | Current library | Shelving location | Date acquired | Total Checkouts | Full call number | Barcode | Date last seen | Copy number | Price effective from | Koha item type |
|---|---|---|---|---|---|---|---|---|---|---|---|---|---|---|---|
| Dewey Decimal Classification | Virtual | Virtual | Online | 01/09/2010 | ONLINE PUBLICATION | 150754-2001 | 06/08/2019 | 1 | 06/08/2019 | Book |